Dynamo Dresden Quiz - Statistiken

Allgemein
  • Dieses Quiz wurde 153 mal gespielt
  • Das Durchschnittsergebnis liegt bei 6 aus 8
Antwortstatistiken
Frage Antwort % Korrekt
Wann wurde Dynamo Dresden gegründet? 1953
100%
In welchem Stadion trägt Dynamo Dresden seine Heimspiele aus? (2024) Rudolf-Harbig Stadion
98%
Wie lautet der Spitzname von Dynamo Dresden? Die Schwarz-Gelben
96%
Wer ist der aktuelle Trainer von Dynamo Dresden (Stand 2024)? Thomas Stamm
90%
Wie viele DDR-Meisterschaften hat Dynamo Dresden gewonnen? 8
76%
Welche Firma ist von Dynamo Dresden der Trikot Sponsor Jako
74%
Wie lautet der offizielle Vereinsname von Dynamo Dresden? Sportgemeinschaft Dynamo Dresden
71%
Welcher Spieler hat die meisten Tore für Dynamo Dresden erzielt? Torsten Gütschow
19%
Keine übereinstimmenden Quizze gefunden
Verteilung der Resultate
Anzahl Personen mit jedem Resultat
Perzentil nach korrekt beantworteten Fragen
Ihre Resultats-Entwicklung
Sie haben dieses Quiz noch nicht gespielt